| 000 | 01484cam a2200385 a 4500 | ||
|---|---|---|---|
| 001 | EDZ0000064161 | ||
| 003 | StDuBDS | ||
| 005 | 20161031105103.0 | ||
| 006 | m||||||||d|||||||| | ||
| 007 | cr ||||||||||| | ||
| 008 | 120327s2001 enka fo| 001|0|eng d | ||
| 020 |
_a9781446218389 (ebook) : _cNo price |
||
| 040 |
_aStDuBDS _beng _cStDuBDS _epn |
||
| 049 | _aAlfaisal Main Library | ||
| 050 | 0 |
_aBF637.N46 _bM38 2001 |
|
| 082 | 0 | 4 |
_a616.8914 _223 |
| 100 | 1 | _aMcDermott, Ian. | |
| 245 | 1 | 0 |
_aBrief NLP therapy _h[electronic resource] / _cIan McDermott and Wendy Jago. |
| 260 |
_aLondon : _bSAGE, _c2001. |
||
| 300 |
_a1 online resource (x, 181 p.) : _bill. |
||
| 490 | 1 | _aBrief therapies series | |
| 504 | _aIncludes bibliographical references and index. | ||
| 520 | 8 | _aNeuro-linguistic programming has evolved as an effective approach to therapeutic work that originated in the study of excellence in communication. Because of this NLP is of increasing interest to counsellors and psychotherapists. | |
| 521 | _aSpecialized. | ||
| 588 | _aDescription based on print version record. | ||
| 650 | 0 | _aNeurolinguistic programming. | |
| 650 | 0 | _aBrief psychotherapy. | |
| 655 | 7 |
_aElectronic books. _2local |
|
| 700 | 1 | _aJago, Wendy. | |
| 710 | 2 | _aSage eBooks | |
| 776 | 0 | 8 |
_iPrint version : _z9780761959663 |
| 830 | 0 | _aBrief therapies series. | |
| 856 | 4 | 0 | _uhttp://ezproxy.alfaisal.edu/login?url=http://sk.sagepub.com/books/brief-nlp-therapy |
| 942 |
_2lcc _cEBOOKS |
||
| 999 |
_c479097 _d479097 |
||